000
00266nam a22001097a 4500
008
230629b xxu||||| |||| 00| 0 eng d
082
_a
338.9
_b
HAR 2001
245
_a
COMESA
_b
Regional Integration Research Network
260
_c
2001
300
_a
126p
942
_2
ddc
_c
BK
999
_c
2980
_d
2980